000 00868nam a2200181Ia 4500
008 100920s9999 xx 000 0 und d
082 _b98882
_a51 न 05
100 _aलाला आर एम.
245 _aसमृध्दीच्या मार्गावर टाटा उद्योगसमूहाची यशोगाथा.
260 _bउत्कर्ष प्रकाशन, पुणे.
_c2005
300 _a287
_bसाधी
365 _b200
520 _aचरित्र.
630 _aसमृध्दीच्या मार्गावर टाटा उद्योगसमूहाची यशोगाथा.
650 _aचरित्र.
730 _aसमृध्दीच्या मार्गावर टाटा उद्योगसमूहाची यशोगाथा.
942 _cBOOK
999 _c739320
_d739317